000
00285nam a2200121 4500
999
_c
10794
_d
10794
003
OSt
005
20221010145205.0
008
221010b ||||| |||| 00| 0 eng d
100
_a
Frederic Gibbered
245
_a
Town Design
260
_a
London
_b
The architectural Prees
942
_2
ddc